000 00318nam a22001337a 4500
008 181219b xxu||||| |||| 00| 0 eng d
020 _a9780205148097
041 _aeng
080 _a159.9
100 _a48
101 _aPSI
245 _aGroup Processes A Developmental Perspective
_cWheelan,S.A
942 _2udc
_cBK
999 _c53516
_d53516